<?xml version="1.0" encoding="UTF-8"?><?xml-stylesheet type="text/xsl" href="static/style.xsl"?><OAI-PMH xmlns="http://www.openarchives.org/OAI/2.0/" xmlns:xsi="http://www.w3.org/2001/XMLSchema-instance" xsi:schemaLocation="http://www.openarchives.org/OAI/2.0/ http://www.openarchives.org/OAI/2.0/OAI-PMH.xsd"><responseDate>2026-06-07T06:24:27Z</responseDate><request verb="GetRecord" identifier="oai:riuma.uma.es:10630/35901" metadataPrefix="marc">https://riuma.uma.es/rest/oai/request</request><GetRecord><record><header><identifier>oai:riuma.uma.es:10630/35901</identifier><datestamp>2026-02-03T11:10:52Z</datestamp><setSpec>com_10630_2254</setSpec><setSpec>col_10630_37953</setSpec></header><metadata><record xmlns="http://www.loc.gov/MARC21/slim" xmlns:dcterms="http://purl.org/dc/terms/" xmlns:doc="http://www.lyncode.com/xoai" xmlns:xsi="http://www.w3.org/2001/XMLSchema-instance" xsi:schemaLocation="http://www.loc.gov/MARC21/slim http://www.loc.gov/standards/marcxml/schema/MARC21slim.xsd">
   <leader>00925njm 22002777a 4500</leader>
   <datafield ind2=" " ind1=" " tag="042">
      <subfield code="a">dc</subfield>
   </datafield>
   <datafield ind2=" " ind1=" " tag="720">
      <subfield code="a">Vallejo-Martín, Macarena</subfield>
      <subfield code="e">author</subfield>
   </datafield>
   <datafield ind2=" " ind1=" " tag="720">
      <subfield code="a">Moreno-Jiménez, María del Pilar</subfield>
      <subfield code="e">author</subfield>
   </datafield>
   <datafield ind2=" " ind1=" " tag="720">
      <subfield code="a">Ríos-Rodríguez, María Luisa</subfield>
      <subfield code="e">author</subfield>
   </datafield>
   <datafield ind2=" " ind1=" " tag="260">
      <subfield code="c">2017</subfield>
   </datafield>
   <datafield ind2=" " ind1=" " tag="520">
      <subfield code="a">Se analiza la relación entre sentido de comunidad, fatalismo y participación en un contexto de crisis socioeconómica como el actual. Para ello se establecen diferencias en estas variables según distintos factores socioeconómicos: tener empleo, clase social percibida e ingresos mensuales. Se distinguen dos tipos de participación: comunitaria y sociopolítica. Con una muestra de 759 personas, los resultados muestran niveles medios en sentido de comunidad, medios-bajos en fatalismo y bajos en los dos tipos de participación. Se obtienen correlaciones significativas entre las variables: positivas para las dos dimensiones de participación con sentido de comunidad y negativas con fatalismo. El análisis de regresión indica que sentido de comunidad y fatalismo son factores predictivos para la conducta participativa. Por lo tanto, sentirse parte de la comunidad lleva a participar en ella, ya sea a través de comportamientos comunitarios o de conductas que persigan un cambio social. Pero la creencia de que el futuro ya está escrito inhibe ambos tipos de participación. En ello también influirá la percepción de estatus socioeconómico.</subfield>
   </datafield>
   <datafield ind1="8" ind2=" " tag="024">
      <subfield code="a">Vallejo-Martín, Macarena; Moreno-Jiménez, María del Pilar; Ríos-Rodríguez, María Luisa  Sentido de comunidad, fatalismo y participación en contextos de crisis socioeconómica  Psychosocial Intervention, vol. 26, núm. 1, abril, 2017, pp. 1-7</subfield>
   </datafield>
   <datafield ind1="8" ind2=" " tag="024">
      <subfield code="a">https://hdl.handle.net/10630/35901</subfield>
   </datafield>
   <datafield ind1="8" ind2=" " tag="024">
      <subfield code="a">10.1016/j.psi.2016.10.002</subfield>
   </datafield>
   <datafield tag="653" ind2=" " ind1=" ">
      <subfield code="a">Destino y fatalismo</subfield>
   </datafield>
   <datafield tag="653" ind2=" " ind1=" ">
      <subfield code="a">Psicología social</subfield>
   </datafield>
   <datafield ind2="0" ind1="0" tag="245">
      <subfield code="a">Sentido de comunidad, fatalismo y participación en contextos de crisis socioeconómica</subfield>
   </datafield>
</record>
</metadata></record></GetRecord></OAI-PMH>